[Event "FRA-ch op-B"]
[Site "Albi"]
[Date "2022.08.21"]
[Round "9"]
[White "Jacob, Renaud"]
[Black "Laposte, Nicolas"]
[Result "1-0"]
[WhiteElo "1911"]
[BlackElo "1817"]
[PlyCount "91"]
[EventDate "2022.08.13"]
[EventType "swiss"]
[EventRounds "9"]
[EventCountry "FRA"]
[SourceTitle "CBM 210 Extra"]
[Source "ChessBase"]
[SourceDate "2022.11.30"]
[SourceVersion "1"]
[SourceVersionDate "2022.11.30"]
[SourceQuality "1"]

1. e4 e5 2. Nf3 Nc6 3. Bc4 Nf6 4. d4 exd4 5. e5 d5 6. Bb5 Nd7 7. Bxc6 bxc6 8. Qxd4 Bc5 9. Qc3 a5 10. 0-0 Ba6 11. Bg5 f6 12. e6 Bxf1 13. exd7+ Qxd7 14. Kxf1 Bb4 15. Qe3+ Kf7 16. Bf4 Rhe8 17. Qd3 Re4 18. Be3 c5 19. Nc3 Bxc3 20. bxc3 c4 21. Qd2 Rb8 22. Qc1 Qf5 23. Rb1 Rbe8 24. Qd2 g5 25. Kg1 Qd7 26. Nd4 c5 27. Ne2 f5 28. Ng3 f4 29. Nxe4 fxe3 30. Qxe3 Rxe4 31. Qxg5 Qe7 32. Qxd5+ Kg7 33. Kf1 Re2 34. g3 Re5 35. Qxc4 Qf6 36. Qg4+ Kh6 37. Rd1 Rf5 38. f4 Qg6 39. Qf3 Rf6 40. g4 Rd6 41. g5+ Kg7 42. Qb7+ Kg8 43. Qb8+ Kg7 44. Rxd6 Qxc2 45. Qc7+ Kf8 46. Rd8# 1-0